01641nam a22003257a 45000010005000000030006000050050017000110080041000280200018000690400029000870500013001160820008001291000020001372450078001572500046002352600065002813000044003464900023003905050008004135200527004215210031009485210020009796500031009996500038010306500037010687000033011059420015011389990015011539520147011685227FISKH20241120113029.0241120b cb ||||| |||| 00| 0 eng d a9781621450085 aFISKHbengcFISKHdFISKH aD10.M374 a909 aMarriott, Emma  aHistory : bAll the Facts That Turned Out to Be Myths /cby Emma Marriott aFirst published in Great Brintain in 2011 aNew York : bThe Reader's Digest Association, Inc. ;c2013.  a191 pages : billustrations ;c21 cm .  aThey Got It Wrong  aZ  aA fascinating read that debunks the popular myths that have clouded our understanding of historical events. Contents covers a abroad spectrum of world history, from the Roman Empire right up to the twentieth century. Entries include: Was Captain Scott iconic or incompetent? Did Benito Mussolini make the trains run on time? Was the Suffragette movement responsible for securing votes for women in Britain? From the author and publishers of A History of the World in Bite-sized Chunks (sold over 30,000 copies worldwide).8 a1080 bLexile estimate 8 aZ bRaz-Plus  aworld historyvnon-fiction ahistorical knowledgevnon-fiction aHistory and Culturevnon-fiction aPinder, Andreweillustrator  2ddccBKn0 c5227d5227 00102ddc40708NFICa002b002cSNSd2024-11-20l3oMAR 909 D10.M374pFISSE02150q2026-04-14r2026-03-31 13:57:00s2026-03-31w2024-11-20yBK